| 000 | 00549nam a2200217Ia 4500 | ||
|---|---|---|---|
| 008 | 230125s9999 xx 000 0 und d | ||
| 020 | _a1-85805-026-X | ||
| 041 | _aeng | ||
| 082 |
_a658.4033 _bOAK |
||
| 100 |
_aOakshoot L A _9112397 |
||
| 245 | _aQuantitative approaches to decision making | ||
| 250 | _a1st Ed. | ||
| 260 |
_c1993 _bDP publications _aLondon |
||
| 300 | _a262p | ||
| 500 | _aDecision making | ||
| 500 | _aDecision making | ||
| 650 | _aStatistics | ||
| 700 |
_aOakshoot L A _9112397 |
||
| 906 | _b44 | ||
| 999 |
_c89335 _d89335 |
||